Business Mathematics in Canada (Record no. 13355)

MARC details
000 -LEADER
fixed length control field 00427nam a22001697a 4500
003 - CONTROL NUMBER IDENTIFIER
control field mut
005 - DATE AND TIME OF LATEST TRANSACTION
control field 20240606081248.0
008 - FIXED-LENGTH DATA ELEMENTS--GENERAL INFORMATION
fixed length control field 171013b xxu||||| |||| 00| 0 eng d
020 ## - INTERNATIONAL STANDARD BOOK NUMBER
International Standard Book Number 0070890579
040 ## - CATALOGING SOURCE
Transcribing agency mut
050 ## - LIBRARY OF CONGRESS CALL NUMBER
Classification number HF 5691
Item number .J47 2003
100 ## - MAIN ENTRY--PERSONAL NAME
Personal name Jerome, Ernest F.
245 ## - TITLE STATEMENT
Title Business Mathematics in Canada
250 ## - EDITION STATEMENT
Edition statement 4th Canadian ed.
260 ## - PUBLICATION, DISTRIBUTION, ETC.
Place of publication, distribution, etc. Toronto,
Name of publisher, distributor, etc. McGraw-Hill Ryerson,
Date of publication, distribution, etc. c2003
942 ## - ADDED ENTRY ELEMENTS (KOHA)
Source of classification or shelving scheme Library of Congress Classification
Koha item type Books
Holdings
Withdrawn status Lost status Source of classification or shelving scheme Damaged status Not for loan Home library Current library Shelving location Date acquired Source of acquisition Total checkouts Full call number Barcode Date last seen Price effective from Koha item type
    Library of Congress Classification     Murang'a University of Technology Library Murang'a University of Technology Library General stacks 13/10/2017 Donation-TFC   HF 5691 .J47 2003 015161 30/08/2024 13/10/2017 Books